|
|
|
|
| LEADER |
02085nam a2200529 i 4500 |
| 001 |
nkc20162783600 |
| 003 |
CZ PrNK |
| 005 |
20160426105119.0 |
| 007 |
ta |
| 008 |
160310s2016 xr ab e p 000 0 cze |
| 015 |
|
|
|a cnb002783600
|
| 020 |
|
|
|a 978-80-7231-442-3
|q (brožováno) :
|c Kč 139,00
|
| 035 |
|
|
|a (OCoLC)949215806
|
| 040 |
|
|
|a BOA001
|b cze
|d ABA001
|e rda
|
| 072 |
|
7 |
|a 355/359
|x Vojenství. Obrana země. Ozbrojené síly
|2 Konspekt
|9 15
|
| 072 |
|
7 |
|a 37.016
|x Učební osnovy. Vyučovací předměty. Učebnice
|2 Konspekt
|9 22
|
| 080 |
|
|
|a 001.102:91
|2 MRF
|
| 080 |
|
|
|a 912.43:355/359
|2 MRF
|
| 080 |
|
|
|a 355.43
|2 MRF
|
| 080 |
|
|
|a (075.8)
|2 MRF
|
| 100 |
1 |
|
|a Kovařík, Vladimír,
|d 1962-
|7 xx0075153
|4 aut
|
| 245 |
1 |
0 |
|a Geografické zabezpečení :
|b tvorba rychlých mapových výstupů na strategickém stupni /
|c Vladimír Kovařík
|
| 250 |
|
|
|a Vydání: první
|
| 264 |
|
1 |
|a Brno :
|b Univerzita obrany,
|c 2016
|
| 300 |
|
|
|a 109 stran :
|b ilustrace, mapy ;
|c 30 cm
|
| 336 |
|
|
|a text
|b txt
|2 rdacontent
|
| 337 |
|
|
|a bez média
|b n
|2 rdamedia
|
| 338 |
|
|
|a svazek
|b nc
|2 rdacarrier
|
| 500 |
|
|
|a Nad názvem: Univerzita obrany, Fakulta vojenských technologií
|
| 500 |
|
|
|a Na obálce označení: S-3868
|
| 500 |
|
|
|a 40 výtisků
|
| 504 |
|
|
|a Obsahuje bibliografii
|
| 650 |
0 |
7 |
|a geografické informace
|7 ph120517
|2 czenas
|
| 650 |
0 |
7 |
|a vojenské mapy
|7 ph191044
|2 czenas
|
| 650 |
0 |
7 |
|a vojenská strategie
|7 ph164241
|2 czenas
|
| 650 |
0 |
9 |
|a geographical information
|2 eczenas
|
| 650 |
0 |
9 |
|a military maps
|2 eczenas
|
| 650 |
0 |
9 |
|a military strategy
|2 eczenas
|
| 655 |
|
7 |
|a učebnice vysokých škol
|7 fd133772
|2 czenas
|
| 655 |
|
9 |
|a textbooks (higher)
|2 eczenas
|
| 710 |
2 |
|
|a Univerzita obrany.
|b Fakulta vojenských technologií
|7 olak2005266949
|4 isb
|
| 910 |
2 |
|
|a BOA001
|b 4-1362.571
|
| 990 |
|
|
|a BK
|
| 995 |
|
|
|a 01
|
| 991 |
|
|
|b 201603
|c NOV
|
| 996 |
6 |
|
|b 2610664514
|c 4-1362.571
|l MZK
|r Sklad / do 1 hodiny
|n 0
|p p.v.
|w 001551881
|u 000010
|a 1
|e BOA001
|j MZK50
|s P
|
| 996 |
7 |
|
|b 2610664515
|c 4-1362.571
|l MZK
|r Sklad / do 1 hodiny
|n 0
|p p.v.
|w 001551881
|u 000020
|a 1
|e BOA001
|j MZK50
|s A
|